Incollable #08 - Citoyenneté - Statistiques

Statistiques générales
  • Ce quiz a été pris 1 081 fois
  • Le résultat moyen est 6 sur 9
Statistiques - réponses
Niveau Questions Réponses % Correct
CE1 Où peut-on acheter de l’essence ? Dans une station d’essence | Dans une station service
93%
CM2 En montagne, en cas de risque élevé d’avalanche, de quelle couleur est le drapeau ? Noir
87%
CM2 En France, à partir e quel âge pouvons-nous être condamné à une peine de prison ? À 13 ans
85%
Lycée Dans quel délais doit-on déclarer une naissance à la mairie ? 3 jours
69%
Collège Je suis un accord international signé entre deux ou plusieurs États. Que suis-je ? Un traité
69%
CM1 Que commet-on lorsqu’on ne respecte pas la loi ? Une infraction
67%
CM1 À l’arrière des voitures, quand s’allument les phares blancs ? Lorsqu’on recule
59%
Collège Que payent les adhérents à une association ? Des cotisations
52%
Lycée En mer, quel type de bateau à la priorité ? Le voilier (tant qu’il n’a pas de moteur)
29%
Aucun quiz correspondant
Distribution des résultats
% des personnes avec chaque résultat
Percentile par nombre de réponses
Votre historique - résultats
Vous n’avez pas pris ce quiz